01164aab a2200169 i 4500001001000000003001000010005001700020008004100037040004100078041000800119100002800127245004800155300006200203520061600265650001900881773009400900768714001CO-MdFUSB20250304160709.0170812s1988 cr ||||| |||| 00| 0 spa d aCO-MdFUSBbspacCO-MdFUSBdCO-MdFUSB aspa1 aSimpson, Charleseautor10aPrevalecer en oraciónc/ Charles Simpson  aVolumen 1. Número 6 (1988), páginas 114-117c: 28 cm. aEste texto enfatiza la importancia de la oración como un medio para buscar la presencia de Dios y alinearse con su propósito divino. Utiliza ejemplos bíblicos como Ana y Daniel para ilustrar la profunda necesidad de pureza espiritual, como la necesidad de un hijo o un profeta. El texto enfatiza que la oración no es solo una disciplina, sino un propósito profundo alineado con el corazón de Dios, que permite cambios y respuestas divinas. El texto anima a la Iglesia a participar en la oración por la restauración, el fortalecimiento y el despertar espiritual que pueden impactar a la sociedad. 0aVida cristiana0 tConquista Cristiana049446gVolumen 1. Número 6 (1988), páginas 114-117qPágina 114